|
|
|
|
| LEADER |
00000cam a2200000 a 4500 |
| 001 |
vtls008384947 |
| 003 |
SK-MaSNL |
| 005 |
20260302074703.0 |
| 008 |
250313s1944 xo f 000 0 slo |
| 015 |
|
|
|a SNBA19421945-074/1649
|
| 035 |
|
|
|a SK01SNKBKSD220010077164
|
| 035 |
|
|
|a urn:nbn:sk:snk-am3hhrr
|
| 035 |
|
|
|a 551F8FF8-922C-4854-9459-07B1A0BF47DB
|
| 035 |
|
|
|a urn:nbn:sk:snk-am00d0rx
|
| 035 |
|
|
|a SKM000079627
|
| 040 |
|
|
|a SNK
|b slo
|c SNK
|e AACR2
|
| 041 |
0 |
|
|a slo
|
| 044 |
|
|
|a xo
|c SK
|
| 072 |
|
7 |
|a 27
|x Kresťanstvo. Kresťanská cirkev všeobecne. Ekleziológia
|2 konspekt
|
| 072 |
|
7 |
|a 27-4
|x Praktická teológia. Morálna teológia
|2 konspekt
|
| 080 |
|
|
|a 27-76
|2 2001
|
| 080 |
|
|
|a 27-423.5
|2 2001
|
| 080 |
|
|
|a 2-428.87
|2 2001
|
| 080 |
|
|
|a 27-423.35
|2 2001
|
| 080 |
|
|
|a (0:82-4)
|2 2001
|
| 100 |
1 |
|
|a Mattoška, Libor Jozef,
|d 1891-1958
|4 aut
|9 172897
|
| 245 |
1 |
0 |
|a Misijná pamiatka
|b myšlienky a úvahy
|c Libor Mattoška
|
| 250 |
|
|
|a 3., rozš. a opr. vyd.
|
| 260 |
|
|
|a Kremnica
|b Serafínsky svet
|c 1944
|e Zvolen
|f Andrej, fil.
|
| 300 |
|
|
|a 127 s.
|c 15 cm
|
| 504 |
|
|
|a Obsahuje bibliografické odkazy
|
| 600 |
0 |
7 |
|a Mária,
|c matka Ježišova, svätá
|2 SNKMA
|9 157751
|
| 650 |
0 |
7 |
|a kresťanské misie
|2 SNKPH
|9 4096
|
| 650 |
0 |
7 |
|a hriechy
|2 SNKPH
|9 1938
|
| 650 |
0 |
7 |
|a odpustky
|2 SNKPH
|9 24731
|
| 650 |
0 |
7 |
|a svedomie
|2 SNKPH
|9 13868
|
| 650 |
0 |
7 |
|a Christian missions
|2 SNKPHeng
|9 266115
|
| 650 |
0 |
7 |
|a Sins
|2 SNKPHeng
|9 334196
|
| 650 |
0 |
7 |
|a Indulgences
|2 SNKPHeng
|9 507875
|
| 650 |
0 |
7 |
|a Conscience
|2 SNKPHeng
|9 325332
|
| 655 |
|
7 |
|a úvahy
|2 SNKPH
|9 29403
|
| 655 |
|
7 |
|a Essays
|2 SNKPHeng
|9 267540
|
| 852 |
|
|
|a Slovenská národná knižnica
|
| 958 |
|
|
|a OND
|
| 958 |
|
|
|a RK
|
| 958 |
|
|
|a TL
|
| 958 |
|
|
|a NT
|
| 999 |
|
|
|c 1166065
|d 1167995
|
| 952 |
|
|
|a SNK
|b SNK
|y PREZ
|7 0
|p 17A0733889
|o snkSE 1944
|i snkKSF 5339/57
|8 5
|0 0
|1 0
|4 0
|d 2018-01-26
|f 1
|l 0
|r 2026-02-24 20:48:49
|w 2026-02-24
|